000 00357nam a22001217a 4500
020 _aNA
082 _222
_a398.0334
100 _aCarol and Inskipp Tim.
245 _aAn introduction to birdwatching in bhutan /
260 _aWorld wildlife fund Bhutan Program,
_bWorld wildlife fund Bhutan Program,
_c1994
300 _a83p, ;
_bNa
_c24cm
942 _2ddc
_cGEN
_01
999 _c1191
_d1191